|
|
|
|
| LEADER |
01454nam a2200301 a 4500 |
| 001 |
12012359 |
| 008 |
100325s2005 nyua 000 0 eng d |
| 010 |
|
|
|a 00041385
|
| 020 |
|
|
|a 0764123521
|
| 020 |
|
|
|a 0764113739 (pbk. book only : alk. paper)
|
| 020 |
|
|
|a 0764174592 (book/cd rom pack : alk. paper)
|
| 040 |
|
|
|a DLC
|c DLC
|d DLC
|d BD-DhAAL
|
| 082 |
0 |
0 |
|a 650/.076
|2 21
|
| 100 |
1 |
|
|a Jaffe, Eugene D.
|
| 245 |
1 |
0 |
|a How to prepare for the graduate management admission test :
|b Barron's GMAT/
|c Eugene D. Jaffe, Stephen Hilbert.
|
| 246 |
3 |
0 |
|a Barron's GMAT
|
| 246 |
3 |
0 |
|a GMAT
|
| 260 |
|
|
|a Hauppauge, N.Y. :
|b Barron's,
|c c2005.
|
| 300 |
|
|
|a x, 580 p. :
|b ill. ;
|c 27 cm.
|
| 541 |
1 |
|
|e 00013244
|
| 650 |
|
0 |
|a Graduate Management Admission Test
|v Study guides.
|
| 650 |
|
0 |
|a Management
|v Examinations, questions, etc.
|
| 700 |
1 |
|
|a Hilbert, Stephen.
|
| 852 |
4 |
|
|a Ayesha Abed Library
|j General shelf
|
| 999 |
|
|
|c 7885
|d 7885
|
| 952 |
|
|
|0 0
|1 0
|2 ddc
|4 0
|6 650_076000000000000_JAF
|7 0
|9 8861
|a BRACUL
|b BRACUL
|c GEN
|d 2010-03-29
|g 120.00
|l 13
|m 121
|o 650.076 JAF
|p 3010013244
|r 2026-05-20
|s 2025-09-21
|t 1
|w 2010-03-29
|y BK
|
| 952 |
|
|
|0 0
|1 0
|2 ddc
|4 0
|6 650_076000000000000_JAF
|7 0
|9 8862
|a BRACUL
|b BRACUL
|c GEN
|d 2010-03-29
|g 240.00
|l 14
|m 85
|o 650.076 JAF
|p 3010013286
|r 2026-02-22
|s 2026-02-22
|t 2
|w 2010-03-29
|y BK
|
| 952 |
|
|
|0 0
|1 0
|2 ddc
|4 0
|6 650_076000000000000_JAF
|7 0
|9 13278
|a BRACUL
|b BRACUL
|c GEN
|d 2010-11-24
|g 240.00
|l 10
|m 47
|o 650.076 JAF
|p 3010013285
|r 2025-03-13
|s 2025-03-04
|t 3
|w 2010-11-24
|y BK
|